书目信息 |
| 题名: |
用商品生产商品
|
|
| 作者: | 斯拉法 著 ;巫宝三 译 | |
| 分册: | ||
| 出版信息: | 北京 商务印书馆 1979 |
|
| 页数: | 96页 | |
| 开本: | 19cm | |
| 丛书名: | ||
| 单 册: | ||
| 中图分类: | F031.1 | |
| 科图分类: | ||
| 主题词: | 商品经济--经济学 , 新剑桥学派 | |
| 电子资源: | ||
| ISBN: | ||
| 000 | 00645nam0 2200229 45 | |
| 001 | 0179009166 | |
| 005 | 20060801150351.40 | |
| 010 | @dCNY0.32 | |
| 100 | @a19950915d1979 em y0chiy0121 ea | |
| 101 | 1 | @achi@ceng |
| 102 | @aCN@b110000 | |
| 105 | @ay z 000yy | |
| 200 | 10 | @a用商品生产商品@Ayong shang pin sheng chan shang pin@e经济理论批判绪论@f(英)斯拉法著@g巫宝三译 |
| 210 | @a北京@c商务印书馆@d1979 | |
| 215 | @a96页@d19cm | |
| 606 | @a商品经济@x经济学 | |
| 606 | @a新剑桥学派 | |
| 690 | @aF031.1@v3 | |
| 701 | 1 | @a斯拉法@Asi la fa@4著 |
| 702 | 0 | @a巫宝三@Awu bao san@4译 |
| 801 | 0 | @aCN@bTSSF@c20060801 |
| 905 | @a10447@dF031.1@e44 | |
| 用商品生产商品:经济理论批判绪论/(英)斯拉法著/巫宝三译.-北京:商务印书馆,1979 |
| 96页;19cm |
| ISBN :CNY0.32 |
| ● |
| 相关链接 |
|
|
|
|
正题名:用商品生产商品
索取号:F031.1/44
 
预约/预借
| 序号 | 登录号 | 条形码 | 馆藏地/架位号 | 状态 | 备注 |
| 1 | 0441249 | 204412493 | 密集书库/ [索取号:F031.1/44] | 在馆 |